01480nam a2200265 a 4500001001000000005001700010008004100027041000800068044000700076084002000083100004500103245014100148260002600289300002200315500033200337500021300669500001000882546002500892650005200917650005600969650003401025650004501059700006001104740005001164BRCA_308020190320204112.0270109s1825----fr-a---###---#000-0#fre-u afre afr a386b.S25c18251 aCervantes Saavedra, Miguel ded1547-161610aHistoire de L´Admirable Don Quichotte de la ManchecMiguel de Cervantes Saavedra ; Traduite de L´Espagnol par Filleau de Saint-Martin. aParísbSalmonc1825 a8 v.bil.c16 cm. aContenido : v 1. Primera parte. Advertencia del traductor. Texto. -- v 2. Texto. -- v 3. Texto. Segunda parte. Texto. -- v 4. Texto. -- v 5. Texto. -- v 6. Texto. Primera parte de la continuación escrita por el traductor. texto. -- v 7. Texto. Segunda parte de la continuación escrita por el traductor. Texto. -- v 8. Texto aTuvo por modelo la edición de Delongchamps, impresa el año anterior. Va adornada son 8 láminas anónimas que no ofrecen nada de notable. Semipiel; lomeras adornadas con filetes dorados Lúdovik Osterc aQM307 aTexto en : francés14aNovela españolayÉpoca clásica, 1500-170014aLiteratura españolayÉpoca clásica, 1500-170014aNovela españolaySiglo XVII14aDon Quijote (Personaje ficticio)eNovela1 aSaint-Martin, Francois Filleau ded1632-1695eTraductor0 aEl Ingenioso Hidalgo Don Quijote de la Mancha